000 01231cam a2200241 i 4500
008 111104s2012 nyub b 001 0 eng c
020 _a9780670023462
040 _dDLC
082 0 0 _a954.91053
_223
100 1 _aRashid, Ahmed.
245 1 0 _aPakistan on the brink: the future of Pakistan, Afghanistan and the West
_cAhmed Rashid
260 _aNew York :
_bViking,
_c[2012]
300 _axxi, 234 pages :
_bmaps ;
_c22 cm
504 _aIncludes bibliographical references (pages 213-221) and index.
505 0 _a1. Osama and Obama, legacy and inheritance -- 2. Pakistan in crisis -- 3. Pakistan: who betrayed whom? -- 4. Afghanistan: the first surge and the failure of elections -- 5. Afghanistan: political and military fault lines -- 6. Afghanistan: talking to the Taliban -- 7. A sliver of hope: counterinsurgency in Swat -- 8. Broken relations, crimes and misdemeanours -- 9. Changing the narrative, or preparing for the worst.
650 0 _aAfghan War, 2001-
651 0 _aPakistan
_xForeign relations
651 0 _aPakistan
_xPolitics and government.
651 0 _aAfghanistan
_xForeign relations.
651 0 _aAfghanistan
_xPolitics and government.
651 0 _aUnited States
_xForeign relations.
942 _2ddc
_cBK
999 _c11578
_d11578